On This Day: May 24th II Quiz Stats

 Plays Quiz Updated Jul 8, 2019

Score 0/7 Timer 03:00
0 Plays Today
Question Answer Wrong Answers
The Paris Wine Tasting of 1976 takes place, featuring a blind taste test that cements this US state as a force in the production of high quality wine.
1976
California
93.7%
Montana
1.8%
Texas
1%
New York
2.4%
This nursery rhyme by Sarah Josepha Hale, which is about an animal whose ‘fleece was white as snow’, is published.
1830
Mary Had a Little Lamb
89.6%
Baa, Baa, Black Sheep
5.3%
Little Bo-Peep
4.2%
Pop Goes the Weasel
0.5%
This famed New York City bridge, which spans the East River, is opened to traffic after 14 years of construction.
1883
Brooklyn Bridge
88.9%
George Washington Bridge
9.4%
Mackinac Bridge
0.3%
Seven Mile Bridge
0.7%
The first ______ Song Contest is held in Lugano, Switzerland.
1956
Eurovision
77.3%
X Factor
3.9%
European Idol
10.9%
Switzerland’s Got Talent
6.8%
John Wesley experiences his ‘evangelical conversion’ and begins his own ministry, launching the ______ movement.
1738
Methodist
62.6%
Mormon
11.3%
Jehovah's Witnesses
17.8%
Pentecostalism
8.3%
Eritrea gains its independence from ______.
1993
Ethiopia
61%
Egypt
12.8%
South Sudan
7.6%
Somalia
17.3%
This British monarch, the last from the House of Hanover, is born.
1819
Queen Victoria
56.3%
King William IV
10.3%
King Edward VII
12.2%
King George V
21%

You're not logged in!

Compare scores with friends on all Sporcle quizzes.
OR
Log In

Sporcle TV

Today on Sporcle TV


Watch our educational content, quiz creation guides, and fun videos on Sporcle TV.

Show Comments

Extras

Top Quizzes Today


Score Distribution

Your Account Isn't Verified!

In order to create a playlist on Sporcle, you need to verify the email address you used during registration. Go to your Sporcle Settings to finish the process.

Report this User

Report this user for behavior that violates our Community Guidelines.

Details: